00482pab a2200157 454500008004000000100002100040245010800061260000900169300001600178362000800194650003100202650001600233700002000249700002000269773003500289180718b2006 xxu||||| |||| 00| 0 eng d aEastwood, Robert aPremature deagriculturalisation? land inequality and rural dependency in Limpopo province, South Africa c2006 ap.1325-349. aNov aLand tenure - South Africa aLand tenure aLipton, Michael aKirsten, johann aJournal of Development Studies